000
00332 a2200157 4500
001
75879
020
_a
8534906173
040
_c
Anchieta - Colégio São Paulo
100
_a
Belinky, Tatiana
240
1
0
_a
Rapunzel
_l
por
245
1
0
_a
Rapunzel
300
_a
[16]
362
0
_a
2005
650
4
_a
Literatura infantil
942
_c
BK
999
_c
75879
_d
75879